000 00450 a2200157 4500
003 OSt
005 20240203095330.0
008 240110b |||||||| |||| 00| 0 eng d
020 _a9789382581581
040 _coclc
082 _a297
_bUTH/I
245 _aIslam Moulika Vishvasam /
_cShaikh Muhammed Swalih Al Uthaimeen
260 _aKerala:
_bDa'wa books,
_c2014.
300 _a85p
942 _2ddc
_cBK
_h297
_iUTH/I
_k297
_mUTH/I
999 _c43087
_d43087